Statistics for Countries that have Been at War with Turkey

Click here to take the quiz!

General Stats

  • This quiz has been taken 248 times
  • The average score is 10 of 13

Answer Stats

DateWarAnswer% Correct
1919War of Turkish IndependenceGreece
98%
2018Operation Olive BranchSyria
95%
1919War of Turkish IndependenceUnited Kingdom
94%
1919War of Turkish IndependenceFrance
93%
1919War of Turkish IndependenceItaly
85%
1919War of Turkish IndependenceArmenia
84%
1963Cyprus CrisisCyprus
73%
1950Korean WarNorth Korea
72%
1950Korean WarSoviet Union
70%
1950Korean WarChina
68%
1919War of Turkish IndependenceGeorgia
62%
1998Kosovo WarSerbia and Montenegro
50%
2011Libyan Civil WarLibya
40%

Score Distribution

Percentile by Number Answered

Percent of People with Each Score

Your Score History

You have not taken this quiz